01899nam a22002777a 4500003001700000005001700017008004100034020001800075024000700093040000700100041001200107082001400119100002200133245005400155250001200209260002500221300002900246365006300275520084100338650004501179700006201224942001201286999001901298952015201317952015201469St Aloysius Coll20260128141644.0260128b |||||||| |||| 00| 0 eng d a9788131723258 cAL cAL aEnglish a545bMENV aMendham J9252980 aVogels textbook of quantitative chemical analysis a6th ed. aNoidabPearsonc2025 axxix,790p.bPBc23x17Cm. 2Generala5637b₹944.00c₹d₹1180.00e20%f26/01/2026 aVogel’s Textbook of Quantitative Chemical Analysis, published by Pearson, is a comprehensive book on chemical analysis. It is regarded as a classic, and hasn’t lost its relevance even today. It is compiled with the latest information on this area of study. It discusses both theory and lab topics with numerous illustrations, diagrams, and reference tables. About Pearson Education Pearson Education has been publishing books of all genres, including science, technology, law, business, humanities and others, and has been educating more than a hundred million people across the world. Some of the books published by Pearson are: Decision Support and Business Intelligence systems, Electromagnetic Field Theory, Computer Architecture and Organization, Managing Business Process Flows, and A Critical Companion to Compulsory English. 2ChemistryaQuantitative Analysis9252981 aDenney, R CdBarnes, J DeThomas, MeSivasankar,B9252982 2ddccBK c240830d240830 00102ddc40708ACaSACPGbSACPGcSSSd2026-01-28eBiblios Book Pointg944.00l0o545 MENVpPG025184r2026-01-28 14:22:56v1180.00w0000-00-00yBK 00102ddc40708ACaSACPGbSACPGcSSSd2026-01-28eBiblios Book Pointg944.00l0o545 MENVpPG025185r2026-01-28 14:22:56v1180.00w0000-00-00yBK